00181nam a22000737a 4500020001500000100001600015245004500031260003100076 a0590446878 aJoanna Cole aThe Magic School Bus: Inside A Hurricane aNew YorkbScholasticc1995